=LDR 00000nam 2200000 4500 =001 INLIS000000000027877 =005 20200916124115 =035 ##$$a 0010-061300000027877 =008 200916################g##########0#ind## =041 ##$$a Ind =082 ##$$a 305.2 =090 ##$$a 305.2, Sol j =100 ##$$a Solihin, O =245 1#$$a Jangan jadi seleb, /$c O Solihin, IwanJjanuar; Penyunting, =260 ##$$a Jakarta :$b Gema Insani,$c 2002 =300 ##$$a xi,151 hlm, ; $c 17 x 11 cm. =650 #4$$a Remaja =700 #$$a Hilman Handoni =850 ##$$a NBPNMAT =084 ##$$a 305.2 SOL j =990 ##$$a 1200400118 =990 ##$$a 20706817 =990 ##$$a 20706819